In the ocean : (Record no. 7092)

MARC details
000 -LEADER
fixed length control field 01094nam a22002537a 4500
001 - CONTROL NUMBER
control field 7092
003 - CONTROL NUMBER IDENTIFIER
control field FISKH
005 - DATE AND TIME OF LATEST TRANSACTION
control field 20250620142840.0
008 - FIXED-LENGTH DATA ELEMENTS--GENERAL INFORMATION
fixed length control field 250620b cb ||||| |||| 00| 0 eng d
040 ## - CATALOGING SOURCE
Original cataloging agency FISKH
Language of cataloging eng
Transcribing agency FISKH
Modifying agency FISKH
050 ## - LIBRARY OF CONGRESS CALL NUMBER
Classification number PZ7
082 ## - DEWEY DECIMAL CLASSIFICATION NUMBER
Classification number 597
100 ## - MAIN ENTRY--PERSONAL NAME
Personal name Byrnes, Trish
245 ## - TITLE STATEMENT
Title In the ocean :
Remainder of title My favorite animal places /
260 ## - PUBLICATION, DISTRIBUTION, ETC.
Place of publication, distribution, etc. Linden :
Name of publisher, distributor, etc. Better Than Broccoli Books,
Date of publication, distribution, etc. 2004.
300 ## - PHYSICAL DESCRIPTION
Extent 10 unnumbered pages :
Other physical details color illustrations ;
Dimensions 17 cm
505 ## - FORMATTED CONTENTS NOTE
Formatted contents note E<br/>
520 ## - SUMMARY, ETC.
Summary, etc. This board book introduces young children to ocean environments and the animals that live in them. Each page features a short sentence about a specific sea creature (like fish, crabs, seahorses, or dolphins) and a brightly colored illustration.<br/>The focus is on animal identification, habitat awareness, and visual engagement, helping toddlers learn basic concepts about marine life.<br/><br/>
521 8# - TARGET AUDIENCE NOTE
Target audience note 200<br/>
Source Lexile estimate<br/>
521 8# - TARGET AUDIENCE NOTE
Target audience note E<br/>
Source Raz-Plus<br/>
650 ## - SUBJECT ADDED ENTRY--TOPICAL TERM
Topical term or geographic name entry element Animals
Form subdivision Board book
General subdivision Ocean animals
Chronological subdivision Sea creatures
942 ## - ADDED ENTRY ELEMENTS (KOHA)
Source of classification or shelving scheme Dewey Decimal Classification
Koha item type Books
Suppress in OPAC No
Holdings
Withdrawn status Lost status Source of classification or shelving scheme Damaged status Not for loan Collection Home library Current library Shelving location Date acquired Total Checkouts Full call number Barcode Date last seen Copy number Price effective from Koha item type
    Dewey Decimal Classification     Juvenile Fiction Footprints International School Library Network Toul Kork Campus Footprints International School Library Network Toul Kork Campus TK Primary Library Room(4th Floor), Bookcase 7, Shelves 57-60, Dark Green Books 06/20/2025   BYR 597 PZ7 FISBK057057 06/20/2025 1 06/20/2025 Books